000
00298nam a2200133Ia 4500
100
_a
Kells/Lyman M
942
_c
BK
654
_a
elementary
245
_a
Elementary differential equations
260
_b
McGraw Hill
_a
Auckland
_c
1981
082
_a
515.35
_b
KEL
300
_a
430
546
_a
ENGLISH
999
_c
19394
_d
19394